1726 1944 1333 1571 1173 1909 1162 1243 1361 1210 1652 1727 1565 1132 1125 1906 1863 1980 1807 1227 1699 1652 1534 1733 1574 1283 1386 1610 1086 1216 1798 1063 1972 1857 1594 1759 1221 1154 1304 1649 1830 1105 1943 1167 1456 1240 1505 1914 1347 1254 1856 1233 1423 1831 1275 1606 1412 1320 1426 1382 1872 1136 1927 1853 1822 1214 1120 1753 1836 1271 1063 1216 1589 1829 1024 1899 1835 1272 1085 1034 1232 1584 1696 1896 1921 1643 1043 1458 1396 1648 1499 1315 1581 1094 1712 1575 1377 1296 1496 BCNSPRNW ULIB Ver.6.0+V

เปลี่ยนเป็นภาษาไทย

Change to English
 แสดงรายละเอียดบรรณานุกรม
  กลับหน้าหลัก

Brief Record : Get Marc (ISO 2709) : E-mail record : QR code < ปิดหน้าต่าง
LEADER : 00000nam 2200000uu 4500
001    13399111754
003     ULIB
008    110707s2552||||th 000 0 tha d
020    9786167207001
082 04 DS568^bร373ต 2552
100 0  รัตนวุฒิ เนจริญรัมย์
245 10 ตลาดน้ำ (มหาชล) มนต์เสน่ห์ตลาดโบราณ /^cรัตนวุฒิ เนจริญรัมย์
250    พิมพ์ครั้งที่ 2
260    กรุงเทพฯ :^bG life,^c2552
300    251 หน้า :^bภาพประกอบ, แผนที่
651  7 ตลาดน้ำ^xภูมิประเทศและการท่องเที่ยว
651  7 ตลาดน้ำ^xหนังสือนำเที่ยว
945    ^p245^l0^i027609
995    ทศพร
999 ^a ใช้งานได้ทุกระบบ
รายการนี้ยังไม่มีแท็ก
คุณยังไม่ได้ล็อกอิน คุณสามารถมีกิจกรรมร่วมกับเว็บไซต์ได้ แต่ต้องล็อกอินก่อน ::
  ล็อกอิน

รายการสื่อสารสนเทศ

ลำดับที่ ประเภท เลขเรียก/บาร์โค้ด สถานที่ สถานะ
- ไม่พบข้อมูล -

รายการใกล้เคียง
    ผู้แต่ง [รัตนวุฒิ เนจริญรัมย์]

BibComment


ยังไม่เคยถูกคอมเมนท์

คอมเมนท์ทรัพยากรรายการนี้
  คอมเมนท์: ตลาดน้ำ มหาชล มนต..


 Copyright 2026. Bcnsprnw @Library